Los hermanos enemigos (Record no. 27674)

MARC details
000 -LEADER
campo de control de longitud fija 01144nam a2200289 i 4500
001 - NÚMERO DE CONTROL
campo de control 27674
003 - IDENTIFICADOR DE NÚMERO DE CONTROL
campo de control ES-MaACL
005 - FECHA Y HORA DE LA ÚLTIMA TRANSACCIÓN
campo de control 20231220180202.0
007 - CAMPO FIJO DE DESCRIPCIÓN FÍSICA--INFORMACIÓN GENERAL
campo de control de longitud fija t|
008 - DATOS DE LONGITUD FIJA--INFORMACIÓN GENERAL
campo de control de longitud fija 030115s1961 sp |||| | spa d
080 ## - NÚMERO DE LA CLASIFICACIÓN DECIMAL UNIVERSAL
Número de la Clasificación Decimal Universal 811.112.2(076)
100 1# - ENTRADA PRINCIPAL--NOMBRE DE PERSONA
Nombre de persona Auerbach, Berthold.
9 (RLIN) 23872
245 14 - MENCIÓN DEL TÍTULO
Título Los hermanos enemigos
Resto del título = (Die feindlichen brüder) /
Mención de responsabilidad, etc. Berthold Auerbach ; traducido por Ana María Cibish ; revisado y anotado por Pablo Tijan.
260 ## - PUBLICACIÓN, DISTRIBUCIÓN, ETC.
Lugar de publicación, distribución, etc. [Madrid] :
Nombre del editor, distribuidor, etc. Suarro, [J.L. Suárez Rodríguez,
Fecha de publicación, distribución, etc. 1961]
300 ## - DESCRIPCIÓN FÍSICA
Extensión 32 p. ;
Dimensiones 17 cm.
490 1# - MENCIÓN DE SERIE
Mención de serie Biblioteca didáctica bilingüe.
-- Serie C, Alemán ;
Designación de volumen o secuencia 1
546 ## - NOTA DE IDIOMA
Nota de lengua/lenguaje Texto en español y alemán.
598 ## - NOTA LOCAL
Nota local Biblioteca didáctica bilingüe / dir. y ed., José Luis Suárez Rodríguez.
650 #4 - PUNTO DE ACCESO ADICIONAL DE MATERIA--TÉRMINO DE MATERIA
Término de materia o nombre geográfico como elemento de entrada Lengua alemana-
Subdivisión de forma Lecturas.
9 (RLIN) 157192
700 1# - ENTRADA AGREGADA--NOMBRE PERSONAL
Nombre de persona Cibish, Ana Maria.
9 (RLIN) 38744
700 1# - ENTRADA AGREGADA--NOMBRE PERSONAL
Nombre de persona Tijan, Pablo.
9 (RLIN) 188836
700 1# - ENTRADA AGREGADA--NOMBRE PERSONAL
Nombre de persona Suárez Rodríguez, José Luis,
Fechas asociadas al nombre 1931-2020
9 (RLIN) 108655
740 42 - ENTRADA AGREGADA--TÍTULO RELACIONADO/ANALÍTICO NO CONTROLADO
Título relacionado o analítico no controlado Die feindlichen brüder.
830 0# - PUNTO DE ACCESO ADICIONAL DE SERIE-TÍTULO UNIFORME
Título uniforme Biblioteca didáctica bilingüe.
-- Serie C, Alemán ;
Designación de volumen o secuencia 1
9 (RLIN) 229225
852 ## - LOCALIZACIÓN
Ubicación ES-MaACL
Número de control de estantería 2086-F-26
Holdings
Estatus retirado Estado de pérdida Estado de daño No para préstamo Colección Biblioteca de origen Biblioteca actual Ubicación en estantería Fecha de adquisición Fuente de adquisición Total de préstamos Signatura topográfica completa Código de barras Visto por última vez Precio de reemplazo Tipo de ítem Koha
        Colección de folletos Biblioteca del Ateneo de Madrid Biblioteca del Ateneo de Madrid Depósito folletos 17/01/2008     2086-F-26 1028578 23/02/2023 23/02/2023 Folleto